Planeamiento urbano

שמור ב:
מידע ביבליוגרפי
מחבר ראשי: Sharp, Thomas (Author)
פורמט: ספר
שפה:ספרדית
יצא לאור: Buenos Aires Infinito 1959
מהדורה:2a. ed
סדרה:Biblioteca de Planeamiento y Vivienda. Jorge Enrique Hardoy
נושאים:
תגים: הוספת תג
אין תגיות, היה/י הראשונ/ה לתייג את הרשומה!

MARC

LEADER 00000nam a2200000 a 4500
001 UCV9035
003 CL-VaPUC
008 920424e19590000AG |||||||||||||||||spa|d
082 0 4 |a 711  |b SHA  |2 21 
100 0 |a Sharp, Thomas  |e author  |9 303024 
245 1 0 |a Planeamiento urbano 
250 |a 2a. ed 
300 |a 167 p 
942 |c BK 
945 |d 19920424 00:00:00 
260 |a Buenos Aires  |b Infinito  |c 1959 
650 7 |a DESARROLLO URBANO  |2 CL-VaPUC  |9 303025 
650 0 |a Planificación urbana   |9 258176 
583 |a last modification  |c 19920424 00:00:00  |k Rodrigo Vera 
490 0 |a Biblioteca de Planeamiento y Vivienda. Jorge Enrique Hardoy 
999 |c 214433  |d 214431 
952 |0 0  |1 0  |4 0  |6 711_000000000000000_SHA_1959  |7 0  |8 A  |9 197781  |a BIBARQ  |b BIBARQ  |d 2019-11-14  |i 2654377  |o 711 SHA 1959  |p 2654377  |r 2025-01-20  |w 2019-11-14  |y BK  |k ARQ